书目信息 |
| 题名: |
郁达夫谈旅行
|
|
| 作者: | 郁达夫 著 | |
| 分册: | ||
| 出版信息: | 南昌 百花洲文艺出版社 2016.6 |
|
| 页数: | 248页 | |
| 开本: | 23cm | |
| 丛书名: | 大家讲谈 | |
| 单 册: | ||
| 中图分类: | I266.4 | |
| 科图分类: | ||
| 主题词: | 游记--you ji--作品集--中国--现代 | |
| 电子资源: | ||
| ISBN: | 978-7-5500-1624-8 | |
| 000 | 00969nam0 22002651 450 | |
| 001 | 0122100758 | |
| 005 | 20170322100758.0 | |
| 010 | @a978-7-5500-1624-8@dCNY29.00 | |
| 100 | @a20160620d2016 em y0chiy50 ea | |
| 101 | 0 | @achi |
| 102 | @aCN@b360000 | |
| 105 | @aa z 000cy | |
| 106 | @ar | |
| 200 | 1 | @a郁达夫谈旅行@9yu da fu tan lv hang@f郁达夫著 |
| 210 | @a南昌@c百花洲文艺出版社@d2016.6 | |
| 215 | @a248页@c图@d23cm | |
| 225 | 2 | @a大家讲谈@9da jia jiang tan |
| 330 | @a《郁达夫谈旅行》是中国现代著名作家郁达夫的游记散文集,共三十四篇。郁达夫在创作了诸多在文学史上极其重要的小说、散文作品之外,还留下了大量的游记性文字,他的足迹几乎走遍了祖国南北的山水、城市,乃至东南亚地区,在本书中也能看到相应的文字。 | |
| 333 | @a旅游爱好者 | |
| 461 | 0 | @12001 @a大家讲谈 |
| 606 | 0 | @a游记@9you ji@x作品集@y中国@z现代 |
| 690 | @aI266.4@v5 | |
| 701 | 0 | @a郁达夫@9yu da fu@f(1896-1945)@4著 |
| 801 | 0 | @aCN@bTANGWEI@c20170308 |
| 905 | @b0959630-3@dI266.4@e2112@f4 | |
| 郁达夫谈旅行/郁达夫著.-南昌:百花洲文艺出版社,2016.6 |
| 248页:图;23cm.-(大家讲谈) |
| 使用对象:旅游爱好者 |
| ISBN 978-7-5500-1624-8:CNY29.00 |
| 《郁达夫谈旅行》是中国现代著名作家郁达夫的游记散文集,共三十四篇。郁达夫在创作了诸多在文学史上极其重要的小说、散文作品之外,还留下了大量的游记性文字,他的足迹几乎走遍了祖国南北的山水、城市,乃至东南亚地区,在本书中也能看到相应的文字。 |
| ● |
| 相关链接 |
|
|
|
|
正题名:郁达夫谈旅行
索取号:I266.4/2112
 
预约/预借
| 序号 | 登录号 | 条形码 | 馆藏地/架位号 | 状态 | 备注 |
| 1 | 0959630 | 209596301 | 第一样本阅览室/ [索取号:I266.4/2112] | 在馆 | |
| 2 | 0959631 | 209596310 | 密集书库-文学院/ [索取号:I266.4/2112] | 在馆 | |
| 3 | 0959632 | 209596329 | 第二借阅区/ [索取号:I266.4/2112] | 在馆 | |
| 4 | 0959633 | 209596338 | 第二借阅区/ [索取号:I266.4/2112] | 在馆 |